| 000 | 004610000a22001810004500 | ||
|---|---|---|---|
| 003 | MACL | ||
| 005 | 20150726142443.0 | ||
| 008 | 150726b xxu||||| |||| 00| 0 eng d | ||
| 040 |
_aMACL _cMACL |
||
| 041 | _aEnglish | ||
| 082 | _a330 | ||
| 100 |
_aTripathy, R.N. _92595 |
||
| 245 | _aTenancy & Efficiency Of Farming In A Developing Economy | ||
| 260 |
_bMittal Publication _c1985 _aDelhi |
||
| 350 | _a140 | ||
| 650 |
_aEconomics _92596 |
||
| 942 |
_cBK _k330 _2ddc |
||
| 999 |
_c6171 _d6171 |
||